00570nam a2200205Ia 450000500170000000800410001702000180005804100120007608200170008810000190010524500570012425000130018126000530019430000200024765000180026765000130028565000190029870000250031770000220034220260429112252.0260429s9999||||xx |||||||||||||| ||und|| a9780691192765 aEnglish a325.309bJAN aJansen, Jan C. 0aDecolonization : ba short history / cJan C. Jansen a1st ed.  aPrinceton : bPrinceton University Press,c2017. axi, 252 p.; pbk a 20th Century a History aDecolonization a Osterhammel, Jurgen a Riemer, Jeremiah